MARC

LEADER 00000nam0a2200000 4500
001 317617
005 20231102003007.0
035 |a (RuTPU)RU\TPU\book\343085 
090 |a 317617 
100 |a 20160412d1935 m y0rusy50 ca 
101 0 |a rus 
102 |a RU 
105 |a c z 001zd 
200 1 |a Лицо советского киноактера  |f сост. Ш. Ахушков 
210 |a Москва  |c Изд-во Кинофотоиздат  |d 1935 
215 |a 247 с.  |c портр. 
600 1 |a Бабочкин  |b Б. А.  |c актер, режиссер, народный артист СССР  |f 1904-1975  |g Борис Андреевич  |2 stltpush  |3 (RuTPU)RU\TPU\pers\30285  |9 14641 
600 1 |a Герасимов  |b С. А.  |c кинорежиссёр, сценарист, актёр кино, драматург и педагог  |c Народный артист СССР (1948)  |f 1906-1985  |g Сергей Аполлинариевич  |2 stltpush  |3 (RuTPU)RU\TPU\pers\31910  |9 15980 
600 1 |a Кузьмина  |b Е. А.  |c киноактриса, Народная артистка РСФСР  |f 1909-1979  |g Елена Александровна  |2 stltpush  |3 (RuTPU)RU\TPU\pers\31919  |9 15989 
606 1 |a Актеры  |2 stltpush  |3 (RuTPU)RU\TPU\subj\1657  |9 30390 
610 1 |a биографии 
610 1 |a персоналии 
610 1 |a кино 
610 1 |a жизнь 
610 1 |a творчество 
610 1 |a кинематография 
675 |a 791.4  |v 4 
702 1 |a Ахушков  |b Ш.  |4 220 
801 1 |a RU  |b 63413507  |c 20160412 
801 2 |a RU  |b 63413507  |c 20171030  |g RCR 
942 |c BK